Alfonso x, el sabio : siglo xiii /

Guardado en:
Autor Principal: Sanchez Perez, Jose A.
Formato: Libro
Publicado: Madrid : Aguilar, 1929
Materias:
Etiquetas: Agregar Etiqueta
Sin Etiquetas, Sea el primero en etiquetar este registro!
LEADER 00484nam a22001575a 4500
001 EHU.bham017613
003 AR-BHAM
005 20100625033116.0
008 130507s1929##################000#0#####d
082 8 6 |a 860.7 
100 1 |a Sanchez Perez, Jose A. 
245 1 0 |a Alfonso x, el sabio :  |b siglo xiii /  |c Jose A. Sanchez Perez 
260 |a Madrid :  |b Aguilar,  |c 1929 
300 |a 299 p. 
653 |a Literatura espaÑola 
859 |a AR-BHAM  |b BIB. HUMANIDADES - Arturo Marasso  |h 860.7  |i Sa55-1  |p 1873.57  |t Ej.1  |v M